Perang Kelang : Sengketa Anak-anak Raja

Bibliographic Details
Main Author: Salleh De Ran
Format: Book
Published: Selangor : PTS Litera Utama Sdn.Bhd. , 2011
Subjects:

MARC

LEADER 00000cam a2200000 7i4500
001 0000095245
005 20120620.0
008 110421 bm
020 |a 9789675783593 
090 0 0 |a 899.2333 SAL 
100 1 |a Salleh De Ran 
245 1 0 |a Perang Kelang :   |b Sengketa Anak-anak Raja   |c Salleh De Ran 
260 |a Selangor :   |b PTS Litera Utama Sdn.Bhd. ,   |c 2011 
300 |a 250p. :   |b ill. ;   |c 19cm. 
650 0 0 |a Malay fiction 
999 |a 0000128008   |b Buku   |c Rak Terbuka   |e Perpustakaan Komuniti UTC Melaka 
999 |a 0000128009   |b Buku   |c Rak Terbuka   |e Perpustakaan Komuniti UTC Melaka